• 首页
  • 本馆介绍
  • 公告通知
  • 最新文献
  • 馆藏检索
  • 电子资源
  • 读者导购
  • 参考咨询
  • 我的图书馆
  • 登录
  • 详细信息显示
  • 放入我的书架
  • 预约/预借图书
  • 作者相关作品
  • 分类相关作品
  • 丛书相关作品
  • 出版社相关作品

书目信息

  • 表格格式
  • 工作单格式
  • 卡片格式
题名:
印制电路技术
    
 
作者: 金鸿 , 陈森 编著
分册:  
出版信息: 北京   化学工业出版社  2003.12
页数: 304页
开本: 21cm
丛书名:
单 册:
中图分类: TN41
科图分类:
主题词: 印制电路
电子资源:
ISBN: 7-5025-2159-3
000 00788nam0 2200241 45
001 012004011034
005 20040718154833.0
010    @a7-5025-2159-3@dCNY25.00
100    @a20041027d2003 ekmy0chiy50 ea
101 0  @achi
102    @aCN@b110000
105    @af z 000yy
200 1  @a印制电路技术@Ayin zhi dian lu ji shu@f金鸿,陈森编著@Fjin hong,chen sen bian zhu
210    @a北京@c化学工业出版社@d2003.12
215    @a304页@d21cm
330    @a本书涵盖了各类印制板制造所必须掌握的基础知识和实际知识,阐述了印制电路技术的基本概念、原理和工艺,以及最新的印制板制造工艺和技术。
606 0  @a印制电路
690    @aTN41@v4
701  0 @a金鸿@Ajin hong@4编著
701  0 @a陈森@Achen sen@4编著
801  0 @aCN@bBZT@c20041027
905    @aBZT@dTN41@e1@f10
906    @dCNY25.00@n0@r1
    
    印制电路技术/金鸿,陈森编著.-北京:化学工业出版社,2003.12
    304页;21cm
    
    
    ISBN 7-5025-2159-3:CNY25.00
    本书涵盖了各类印制板制造所必须掌握的基础知识和实际知识,阐述了印制电路技术的基本概念、原理和工艺,以及最新的印制板制造工艺和技术。
●
相关链接 在五车中查询图书 在当当中查询图书 在豆瓣中查询图书


正题名:印制电路技术     索取号:TN41/1         预约/预借

序号 登录号 条形码 馆藏地/架位号 状态 备注
1 0372224   200933589   样本书库/样004架B面4层2列/ [索取号:TN41/1] 在馆    
2 0372225   200933598   中心书库中库/ 中库029架A面8列1层14/ [索取号:TN41/1] 在馆    
3 0372226   200933561   中心书库中库/ 中库029架A面8列1层16/ [索取号:TN41/1] 在馆    
4 0372227   200933570   中心书库中库/ 中库029架A面8列1层18/ [索取号:TN41/1] 在馆    
5 0372228   200933543   中心书库中库/ 中库029架A面8列1层21/ [索取号:TN41/1] 在馆    
6 0372229   200933552   中心书库中库/ 中库029架A面8列1层20/ [索取号:TN41/1] 在馆    
7 0372230   200933525   中心书库中库/ 中库029架A面8列1层19/ [索取号:TN41/1] 在馆    
8 0372231   200933534   中心书库中库/ 中库029架A面8列1层17/ [索取号:TN41/1] 在馆    
9 0372232   200933507   中心书库中库/ 中库029架A面8列1层15/ [索取号:TN41/1] 在馆    
10 0372233   200933516   中心书库中库/ 中库029架A面8列1层13/ [索取号:TN41/1] 在馆    
山东省滨州职业学院图书馆 欢迎您!
大连网信软件有限公司© 版权所有